<?xml version="1.0" encoding="UTF-8"?>
<collection xmlns="http://www.loc.gov/MARC21/slim">
 <record>
  <leader>02734nam a22003497a 4500</leader>
  <controlfield tag="001">NCT_42441</controlfield>
  <controlfield tag="008">180615b        xxu||||| |||| 00| 0 vie d</controlfield>
  <datafield tag="999" ind1=" " ind2=" ">
   <subfield code="c">2036</subfield>
   <subfield code="d">2036</subfield>
  </datafield>
  <datafield tag="020" ind1=" " ind2=" ">
   <subfield code="a">9786040095725</subfield>
   <subfield code="c">80000</subfield>
  </datafield>
  <datafield tag="082" ind1="0" ind2="4">
   <subfield code="2">23rd ed.</subfield>
   <subfield code="a">530</subfield>
   <subfield code="b">H188/T.4</subfield>
  </datafield>
  <datafield tag="100" ind1="1" ind2=" ">
   <subfield code="a">Halliday, David</subfield>
  </datafield>
  <datafield tag="245" ind1="1" ind2="0">
   <subfield code="a">Cơ sở vật lý</subfield>
   <subfield code="n">Tập 4</subfield>
   <subfield code="p">Điện học </subfield>
   <subfield code="c">Halliday David, Resnick  Robert, Walker Jearl ; Hoàng Hữu Thư (chủ biên)</subfield>
  </datafield>
  <datafield tag="250" ind1=" " ind2=" ">
   <subfield code="a">Tái bản lần thứ ba</subfield>
  </datafield>
  <datafield tag="260" ind1=" " ind2=" ">
   <subfield code="a">H.</subfield>
   <subfield code="b">Giáo dục Việt Nam</subfield>
   <subfield code="c">2015</subfield>
  </datafield>
  <datafield tag="300" ind1=" " ind2=" ">
   <subfield code="a">295 tr.</subfield>
   <subfield code="c">27cm</subfield>
   <subfield code="b">minh họa</subfield>
  </datafield>
  <datafield tag="520" ind1="3" ind2=" ">
   <subfield code="a">Quyển sách &quot;CƠ SỞ VẬT LÍ - Tập Bốn: Điện học&quot; gồm 7 chương: giới thiệu kiến thức và một số bài tập về: điện tích, điện trường, định luật Gauss, điện thế, điện năng, dòng điện và điện trở, mạch điện. </subfield>
  </datafield>
  <datafield tag="653" ind1=" " ind2=" ">
   <subfield code="a">Khoa học cơ bản</subfield>
  </datafield>
  <datafield tag="700" ind1="1" ind2=" ">
   <subfield code="a">Resnick, Robert</subfield>
  </datafield>
  <datafield tag="700" ind1="1" ind2=" ">
   <subfield code="a">Walker, Jearl</subfield>
  </datafield>
  <datafield tag="700" ind1="1" ind2=" ">
   <subfield code="a">Hoàng Hữu Thư</subfield>
   <subfield code="e">chủ biên</subfield>
  </datafield>
  <datafield tag="942" ind1=" " ind2=" ">
   <subfield code="2">ddc</subfield>
   <subfield code="c">BK</subfield>
  </datafield>
  <datafield tag="952" ind1=" " ind2=" ">
   <subfield code="0">0</subfield>
   <subfield code="1">0</subfield>
   <subfield code="2">ddc</subfield>
   <subfield code="4">0</subfield>
   <subfield code="6">530_000000000000000_H188_T_4</subfield>
   <subfield code="7">0</subfield>
   <subfield code="9">10913</subfield>
   <subfield code="a">000001</subfield>
   <subfield code="b">000001</subfield>
   <subfield code="d">2018-06-16</subfield>
   <subfield code="o">530 H188/T.4</subfield>
   <subfield code="p">MD.10517</subfield>
   <subfield code="r">2018-06-16</subfield>
   <subfield code="v">80000.00</subfield>
   <subfield code="w">2018-06-16</subfield>
   <subfield code="y">BK</subfield>
  </datafield>
  <datafield tag="952" ind1=" " ind2=" ">
   <subfield code="0">0</subfield>
   <subfield code="1">0</subfield>
   <subfield code="2">ddc</subfield>
   <subfield code="4">0</subfield>
   <subfield code="6">530_000000000000000_H188_T_4</subfield>
   <subfield code="7">0</subfield>
   <subfield code="9">10914</subfield>
   <subfield code="a">000001</subfield>
   <subfield code="b">000001</subfield>
   <subfield code="d">2018-06-16</subfield>
   <subfield code="o">530 H188/T.4</subfield>
   <subfield code="p">MD.10518</subfield>
   <subfield code="r">2018-06-16</subfield>
   <subfield code="v">80000.00</subfield>
   <subfield code="w">2018-06-16</subfield>
   <subfield code="y">BK</subfield>
  </datafield>
  <datafield tag="952" ind1=" " ind2=" ">
   <subfield code="0">0</subfield>
   <subfield code="1">0</subfield>
   <subfield code="2">ddc</subfield>
   <subfield code="4">0</subfield>
   <subfield code="6">530_000000000000000_H188_T_4</subfield>
   <subfield code="7">0</subfield>
   <subfield code="9">10915</subfield>
   <subfield code="a">000001</subfield>
   <subfield code="b">000001</subfield>
   <subfield code="d">2018-06-16</subfield>
   <subfield code="o">530 H188/T.4</subfield>
   <subfield code="p">MD.10519</subfield>
   <subfield code="r">2018-06-16</subfield>
   <subfield code="v">80000.00</subfield>
   <subfield code="w">2018-06-16</subfield>
   <subfield code="y">BK</subfield>
  </datafield>
  <datafield tag="952" ind1=" " ind2=" ">
   <subfield code="0">0</subfield>
   <subfield code="1">0</subfield>
   <subfield code="2">ddc</subfield>
   <subfield code="4">0</subfield>
   <subfield code="6">530_000000000000000_H188_T_4</subfield>
   <subfield code="7">0</subfield>
   <subfield code="9">10916</subfield>
   <subfield code="a">000001</subfield>
   <subfield code="b">000001</subfield>
   <subfield code="d">2018-06-16</subfield>
   <subfield code="o">530 H188/T.4</subfield>
   <subfield code="p">MD.10520</subfield>
   <subfield code="r">2018-06-16</subfield>
   <subfield code="v">80000.00</subfield>
   <subfield code="w">2018-06-16</subfield>
   <subfield code="y">BK</subfield>
  </datafield>
  <datafield tag="952" ind1=" " ind2=" ">
   <subfield code="0">0</subfield>
   <subfield code="1">0</subfield>
   <subfield code="2">ddc</subfield>
   <subfield code="4">0</subfield>
   <subfield code="6">530_000000000000000_H188_T_4</subfield>
   <subfield code="7">0</subfield>
   <subfield code="9">10917</subfield>
   <subfield code="a">000001</subfield>
   <subfield code="b">000001</subfield>
   <subfield code="d">2018-06-16</subfield>
   <subfield code="o">530 H188/T.4</subfield>
   <subfield code="p">MD.10521</subfield>
   <subfield code="r">2018-06-16</subfield>
   <subfield code="v">80000.00</subfield>
   <subfield code="w">2018-06-16</subfield>
   <subfield code="y">BK</subfield>
  </datafield>
  <datafield tag="952" ind1=" " ind2=" ">
   <subfield code="0">0</subfield>
   <subfield code="1">0</subfield>
   <subfield code="2">ddc</subfield>
   <subfield code="4">0</subfield>
   <subfield code="6">530_000000000000000_H188_T_4</subfield>
   <subfield code="7">0</subfield>
   <subfield code="9">10918</subfield>
   <subfield code="a">000001</subfield>
   <subfield code="b">000001</subfield>
   <subfield code="d">2018-06-16</subfield>
   <subfield code="o">530 H188/T.4</subfield>
   <subfield code="p">MD.10522</subfield>
   <subfield code="r">2018-06-16</subfield>
   <subfield code="v">80000.00</subfield>
   <subfield code="w">2018-06-16</subfield>
   <subfield code="y">BK</subfield>
  </datafield>
  <datafield tag="952" ind1=" " ind2=" ">
   <subfield code="0">0</subfield>
   <subfield code="1">0</subfield>
   <subfield code="2">ddc</subfield>
   <subfield code="4">0</subfield>
   <subfield code="6">530_000000000000000_H188_T_4</subfield>
   <subfield code="7">0</subfield>
   <subfield code="9">10919</subfield>
   <subfield code="a">000001</subfield>
   <subfield code="b">000001</subfield>
   <subfield code="d">2018-06-16</subfield>
   <subfield code="o">530 H188/T.4</subfield>
   <subfield code="p">MD.10523</subfield>
   <subfield code="r">2018-06-16</subfield>
   <subfield code="v">80000.00</subfield>
   <subfield code="w">2018-06-16</subfield>
   <subfield code="y">BK</subfield>
  </datafield>
  <datafield tag="952" ind1=" " ind2=" ">
   <subfield code="0">0</subfield>
   <subfield code="1">0</subfield>
   <subfield code="2">ddc</subfield>
   <subfield code="4">0</subfield>
   <subfield code="6">530_000000000000000_H188_T_4</subfield>
   <subfield code="7">0</subfield>
   <subfield code="9">10920</subfield>
   <subfield code="a">000001</subfield>
   <subfield code="b">000001</subfield>
   <subfield code="d">2018-06-16</subfield>
   <subfield code="o">530 H188/T.4</subfield>
   <subfield code="p">MD.10524</subfield>
   <subfield code="r">2018-06-16</subfield>
   <subfield code="v">80000.00</subfield>
   <subfield code="w">2018-06-16</subfield>
   <subfield code="y">BK</subfield>
  </datafield>
  <datafield tag="952" ind1=" " ind2=" ">
   <subfield code="0">0</subfield>
   <subfield code="1">0</subfield>
   <subfield code="2">ddc</subfield>
   <subfield code="4">0</subfield>
   <subfield code="6">530_000000000000000_H188_T_4</subfield>
   <subfield code="7">0</subfield>
   <subfield code="9">10921</subfield>
   <subfield code="a">000001</subfield>
   <subfield code="b">000001</subfield>
   <subfield code="d">2018-06-16</subfield>
   <subfield code="o">530 H188/T.4</subfield>
   <subfield code="p">MD.10525</subfield>
   <subfield code="r">2018-06-16</subfield>
   <subfield code="v">80000.00</subfield>
   <subfield code="w">2018-06-16</subfield>
   <subfield code="y">BK</subfield>
  </datafield>
  <datafield tag="952" ind1=" " ind2=" ">
   <subfield code="0">0</subfield>
   <subfield code="1">0</subfield>
   <subfield code="2">ddc</subfield>
   <subfield code="4">0</subfield>
   <subfield code="6">530_000000000000000_H188_T_4</subfield>
   <subfield code="7">0</subfield>
   <subfield code="9">10932</subfield>
   <subfield code="a">000001</subfield>
   <subfield code="b">000001</subfield>
   <subfield code="d">2018-06-16</subfield>
   <subfield code="o">530 H188/T.4</subfield>
   <subfield code="p">MD.10460</subfield>
   <subfield code="r">2018-06-16</subfield>
   <subfield code="v">80000.00</subfield>
   <subfield code="w">2018-06-16</subfield>
   <subfield code="y">BK</subfield>
  </datafield>
  <datafield tag="980" ind1=" " ind2=" ">
   <subfield code="a">Thư viện Trường Đại học Nam Cần Thơ</subfield>
  </datafield>
 </record>
</collection>
